UBT Library

The Negotiation sourcebook / (Record no. 41917)

000 -LEADER
fixed length control field 00665nam a2200229 a 4500
001 - CONTROL NUMBER
control field 3911375
005 - DATE AND TIME OF LATEST TRANSACTION
control field 20180206065046.0
008 - FIXED-LENGTH DATA ELEMENTS--GENERAL INFORMATION
fixed length control field 910326s1990 maua b 000 0 eng
010 ## - LIBRARY OF CONGRESS CONTROL NUMBER
LC control number 91133730
020 ## - INTERNATIONAL STANDARD BOOK NUMBER
International Standard Book Number 0874251168
040 ## - CATALOGING SOURCE
Original cataloging agency DLC
Transcribing agency DLC
041 ## - LANGUAGE CODE
Language code of text/sound track or separate title eng
080 ## - UNIVERSAL DECIMAL CLASSIFICATION NUMBER
Universal Decimal Classification number 658.4 ira
082 00 - DEWEY DECIMAL CLASSIFICATION NUMBER
Classification number 658.4 ira
Edition number 20
100 ## - Rafti
Rafti 54
101 ## - Shkurtesa
Shkurtesa man
245 04 - TITLE STATEMENT
Title The Negotiation sourcebook /
Statement of responsibility, etc edited by Ira Asherman, Sandy Asherman.
504 ## - BIBLIOGRAPHY, ETC. NOTE
Bibliography, etc Includes bibliographical references.
906 ## - LOCAL DATA ELEMENT F, LDF (RLIN)
a 7
b cbc
c orignew
d 2
e ncip
f 19
g y-gencatlg
942 ## - ADDED ENTRY ELEMENTS (KOHA)
Source of classification or shelving scheme
Item type Books
Holdings
Withdrawn status Lost status Source of classification or shelving scheme Damaged status Not for loan Collection code Permanent location Current location Shelving location Date acquired Total Checkouts Full call number Barcode Date last seen Price effective from Koha item type
          Koleksioni i përgjithshem UBT - Lipjan UBT - Lipjan Koleksioni i përgjithshem 02/06/2018   658.4 ira 002-2999074 02/06/2018 02/06/2018 Books
UBT Library © 2015-2024. All rights reserved University Education for Business and Technology